[Event "Titled Tuesday intern op 16th Jan Early"]
[Site "Chess.com INT"]
[Date "2024.01.16"]
[Round "2"]
[White "Abdilkhair, Abilmansur"]
[Black "Cremisi, Daniel Josef"]
[Result "0-1"]
[WhiteElo "2357"]
[BlackElo "2170"]
[PlyCount "70"]
[EventDate "2024.01.16"]
[EventType "swiss (blitz)"]
[EventRounds "11"]
[EventCountry "USA"]
[SourceTitle "CB04_2024"]
[SourceDate "2023.10.16"]
[SourceVersion "1"]
[SourceVersionDate "2023.10.16"]
[SourceQuality "1"]

1. d4 Nf6 2. Nc3 e6 3. e4 d5 4. e5 Nfd7 5. Nce2 c5 6. c3 Nc6 7. Nf3 cxd4 8. cxd4 f6 9. exf6 Nxf6 10. Bd2 Ne4 11. Bc3 Bd6 12. Ng3 0-0 13. Bd3 Nxc3 14. bxc3 e5 15. dxe5 Nxe5 16. Nxe5 Bxe5 17. 0-0 Qh4 18. Be2 Be6 19. Rb1 b6 20. Bf3 Rad8 21. Re1 Bxg3 22. hxg3 Qf6 23. Qd4 Qxd4 24. cxd4 Bf5 25. Rb5 Bd3 26. Rxd5 Bc4 27. Rxd8 Rxd8 28. d5 Bxa2 29. Re7 a5 30. Rb7 Rd6 31. Kf1 a4 32. Ra7 b5 33. Ra5 Bxd5 34. Rxb5 Bc4+ 35. Be2 Rd1# 0-1

[Event "Titled Tuesday intern op 16th Jan Early"]
[Site "Chess.com INT"]
[Date "2024.01.16"]
[Round "4"]
[White "Evdokimov, Alexey2"]
[Black "Abdilkhair, Abilmansur"]
[Result "0-1"]
[WhiteElo "2227"]
[BlackElo "2357"]
[PlyCount "68"]
[EventDate "2024.01.16"]
[EventType "swiss (blitz)"]
[EventRounds "11"]
[EventCountry "USA"]
[SourceTitle "CB04_2024"]
[SourceDate "2023.10.16"]
[SourceVersion "1"]
[SourceVersionDate "2023.10.16"]
[SourceQuality "1"]

1. b3 Nf6 2. Bb2 g6 3. e4 Bg7 4. f4 d6 5. Nf3 0-0 6. d3 Nc6 7. Nbd2 a5 8. a3 Re8 9. Be2 e5 10. fxe5 dxe5 11. 0-0 Nh5 12. Nc4 b5 13. Ne3 Nf4 14. g3 Nh3+ 15. Kg2 Ng5 16. Nd5 Bh3+ 17. Kg1 Bxf1 18. Qxf1 Nxf3+ 19. Qxf3 Nd4 20. Bxd4 exd4 21. Rf1 Rf8 22. h4 c6 23. Nf4 Qd6 24. h5 g5 25. Nh3 h6 26. Nf2 Qxa3 27. Ng4 Qd6 28. Kg2 a4 29. bxa4 bxa4 30. Qf5 a3 31. e5 Qe6 32. Qe4 a2 33. Nf6+ Bxf6 34. Rxf6 Qd5 0-1

[Event "Wch U20 Blitz"]
[Site "Pula"]
[Date "2023.10.14"]
[Round "1"]
[White "Alexakis, Dimitris"]
[Black "Abdilkhair, Abilmansur"]
[Result "1-0"]
[WhiteElo "2458"]
[BlackElo "2258"]
[PlyCount "91"]
[EventDate "2023.10.14"]
[EventType "swiss (blitz)"]
[EventRounds "11"]
[EventCountry "ITA"]
[SourceTitle "Mega2024 Update 01"]
[Source "Chessbase"]
[SourceDate "2023.11.12"]
[SourceVersion "1"]
[SourceVersionDate "2023.11.12"]
[SourceQuality "1"]

1. e4 c6 2. d4 d5 3. exd5 cxd5 4. Bd3 Nc6 5. c3 Qc7 6. Na3 a6 7. Nc2 Nf6 8. h3 g6 9. Ne2 e5 10. dxe5 Nxe5 11. 0-0 Bg7 12. Bf4 0-0 13. Ne3 Re8 14. Bc2 Qc5 15. Qd4 Qxd4 16. Nxd4 Nc4 17. Rfe1 Bd7 18. Bb3 b5 19. Re2 Re4 20. Nxc4 dxc4 21. Rxe4 Nxe4 22. Bc2 Nc5 23. Rd1 Re8 24. Kf1 Ne6 25. Be3 Nxd4 26. Bxd4 Be6 27. Bxg7 Kxg7 28. Rd6 Ra8 29. f4 a5 30. a3 b4 31. Rb6 b3 32. Be4 Rd8 33. Ke2 Re8 34. Kf3 Rd8 35. Ke3 Re8 36. Rb5 f6 37. g4 h5 38. f5 Bd7 39. Rb7 Re7 40. fxg6 hxg4 41. hxg4 Kh6 42. Ra7 Rg7 43. Kf4 Re7 44. Bf5 Bxf5 45. Rxe7 Bxg6 46. Ra7 1-0

[Event "Wch U20 Rapid"]
[Site "Pula"]
[Date "2023.10.10"]
[Round "3"]
[White "Sahidi, Samir"]
[Black "Abdilkhair, Abilmansur"]
[Result "0-1"]
[WhiteElo "2476"]
[BlackElo "2258"]
[PlyCount "86"]
[EventDate "2023.10.10"]
[EventType "swiss (rapid)"]
[EventRounds "11"]
[EventCountry "ITA"]
[SourceTitle "Mega2024 Update 01"]
[Source "Chessbase"]
[SourceDate "2023.11.12"]
[SourceVersion "1"]
[SourceVersionDate "2023.11.12"]
[SourceQuality "1"]

1. e4 c6 2. Nf3 d5 3. Nc3 dxe4 4. Nxe4 Nf6 5. Nxf6+ exf6 6. Bc4 Bd6 7. Qe2+ Kf8 8. d3 Na6 9. Bd2 Nc7 10. 0-0-0 h5 11. Rde1 b5 12. Bb3 a5 13. a3 Be6 14. Bxe6 Nxe6 15. Qe4 b4 16. a4 Nc5 17. Qc4 Nxa4 18. Qxc6 Nc5 19. Kb1 g6 20. Nd4 Rc8 21. Qd5 Kg7 22. Nb5 Be5 23. Qxd8 Rhxd8 24. Be3 b3 25. c3 Nxd3 26. Rd1 a4 27. g3 f5 28. Rd2 f4 29. Bb6 Rd5 30. Nd4 Rd6 31. Rxd3 Rxb6 32. Nf3 Bb8 33. Re1 Rf6 34. Re4 fxg3 35. fxg3 Rc5 36. Nd2 Rcf5 37. Rde3 Rf2 38. Re2 h4 39. gxh4 Bxh2 40. c4 Bg3 41. c5 Rf1+ 42. Nxf1 Rxf1+ 43. Re1 Bxe1 0-1

[Event "Asia-ch Blitz U20"]
[Site "Jamshedpur"]
[Date "2023.09.15"]
[Round "5"]
[White "Rohith, S2222"]
[Black "Abdilkhair, Abilmansur"]
[Result "1-0"]
[WhiteElo "1481"]
[BlackElo "2194"]
[PlyCount "66"]
[EventDate "2023.09.15"]
[EventType "swiss (blitz)"]
[EventRounds "9"]
[EventCountry "IND"]
[SourceTitle "EXT 2024"]
[Source "ChessBase"]
[SourceDate "2023.10.10"]
[SourceVersion "1"]
[SourceVersionDate "2023.10.10"]
[SourceQuality "1"]

1. e4 c6 2. d3 d6 3. Nf3 g6 4. Be2 h5 5. Be3 h4 6. h3 Bg7 7. d4 Nf6 8. Nc3 b5 9. a3 Bb7 10. Qd2 a5 11. Bd3 Nbd7 12. 0-0 Rc8 13. b4 e5 14. dxe5 dxe5 15. Rad1 axb4 16. axb4 Qe7 17. Ne2 Nh7 18. Nc1 Nhf8 19. Bg5 f6 20. Be3 Ne6 21. c4 Ba6 22. Qa2 Nb8 23. cxb5 Bxb5 24. Nb3 Kf7 25. Nc5 Rhd8 26. Bc2 Rd6 27. Rxd6 Qxd6 28. Rd1 Qe7 29. Bb3 Rd8 30. Rxd8 Qxd8 31. Bxe6+ Ke7 32. Qa7+ Kd6 33. Nb7+ Kc7 1-0

[Event "Asia-ch U20"]
[Site "Jamshedpur"]
[Date "2023.09.11"]
[Round "4"]
[White "Abdilkhair, Abilmansur"]
[Black "Liyanage, Ranindu Dilshan"]
[Result "0-1"]
[WhiteElo "2241"]
[BlackElo "2407"]
[PlyCount "64"]
[EventDate "2023.09.09"]
[EventType "swiss"]
[EventRounds "9"]
[EventCountry "IND"]
[SourceTitle "EXT 2024"]
[Source "ChessBase"]
[SourceDate "2023.10.10"]
[SourceVersion "1"]
[SourceVersionDate "2023.10.10"]
[SourceQuality "1"]

1. e4 e5 2. Nf3 Nc6 3. d4 exd4 4. Nxd4 Nf6 5. Nxc6 bxc6 6. e5 Qe7 7. Qe2 Nd5 8. h4 Qe6 9. Nd2 a5 10. g3 Nb4 11. Nf3 Ba6 12. c4 Qg6 13. h5 Qc2 14. Rh4 Bc5 15. Nd2 Nxa2 16. Qe4 Nb4 17. h6 gxh6 18. e6 0-0-0 19. exd7+ Kb7 20. Bh3 Nd3+ 21. Kf1 Qd1+ 22. Kg2 Nxf2 23. Bg4 Nxg4 24. Rxg4 f5 25. Nb3 Qg1+ 26. Kh3 fxg4+ 27. Kxg4 Rhg8+ 28. Kf5 Rdf8+ 29. Ke6 Rg6+ 30. Qxg6 Qe1+ 31. Be3 Qxe3+ 32. Qe4 Qxe4# 0-1

[Event "Asia-ch U20"]
[Site "Jamshedpur"]
[Date "2023.09.10"]
[Round "3"]
[White "Abdilkhair, Abilmansur"]
[Black "Harshavardhan, GB."]
[Result "1/2-1/2"]
[WhiteElo "2241"]
[BlackElo "2397"]
[PlyCount "65"]
[EventDate "2023.09.09"]
[EventType "swiss"]
[EventRounds "9"]
[EventCountry "IND"]
[SourceTitle "EXT 2024"]
[Source "ChessBase"]
[SourceDate "2023.10.10"]
[SourceVersion "1"]
[SourceVersionDate "2023.10.10"]
[SourceQuality "1"]

1. e4 c5 2. Nf3 e6 3. d4 cxd4 4. Nxd4 a6 5. c4 Nf6 6. Nc3 Qc7 7. a3 b6 8. g3 Bb7 9. Bg2 Qxc4 10. Be3 Qc7 11. Rc1 Nc6 12. Nd5 exd5 13. exd5 Bc5 14. dxc6 dxc6 15. b4 Bxd4 16. Qxd4 c5 17. Bxb7 Rd8 18. Bf4 Qxb7 19. Qe5+ Qe7 20. bxc5 bxc5 21. Rxc5 Nd5 22. 0-0 Nxf4 23. gxf4 f6 24. Qxe7+ Kxe7 25. Re1+ Kf7 26. Rc7+ Kg6 27. Re3 Rhg8 28. Ra7 Rd6 29. Rg3+ Kf5 30. Rgxg7 Rxg7+ 31. Rxg7 h5 32. Rh7 Kg6 33. Ra7 1/2-1/2